[Event "25.Schlosspark-Open"]
[Site "Wiesbaden-Biebrich"]
[Date "2013.08.25"]
[Round "7.1"]
[White "Khenkin, Igor"]
[Black "Milov, Leonid"]
[Result "1-0"]
[WhiteElo "2605"]
[BlackElo "2528"]
[PlyCount "99"]
[EventDate "2013.??.??"]
[WhiteTeam "Wiesbadener SV 1885"]
[BlackTeam "SC Noris-Tarrasch Nürnberg 1873"]

1. d4 d5 2. c4 c6 3. cxd5 cxd5 4. Bf4 Nc6 5. e3 Nf6 6. Nc3 Bf5 7. Qb3 Na5 8.
Qa4+ Bd7 9. Qc2 Rc8 10. Bd3 e6 11. Nf3 Be7 12. h3 O-O 13. O-O h6 14. Qe2 a6 15.
Rac1 Nc6 16. a3 Be8 17. Rfd1 Nh5 18. Bh2 f5 19. Na4 Nf6 20. Nc5 Bxc5 21. dxc5
Bh5 22. Qc2 Ne4 23. Be2 Qf6 24. Nd4 Bxe2 25. Qxe2 Ne5 26. Bxe5 Qxe5 27. b4 Rce8
28. f3 Ng3 29. Qe1 Qc7 30. b5 Nh5 31. b6 Qd8 32. c6 bxc6 33. Rxc6 e5 34. Nc2
Rf6 35. Qc3 Rxc6 36. Qxc6 Nf6 37. b7 a5 38. Rb1 Qb8 39. Rb5 Kh7 40. Rxa5 Re7
41. Rb5 Re8 42. Nb4 Qa7 43. Qc5 Qxa3 44. Nxd5 Qa1+ 45. Kh2 Nxd5 46. Qxd5 Qa7
47. Qd7 Rb8 48. Qxf5+ Kh8 49. Qxe5 Rxb7 50. Qe8+ 1-0

[Event "25.Schlosspark-Open"]
[Site "Wiesbaden-Biebrich"]
[Date "2013.08.25"]
[Round "7.2"]
[White "Carow, Johannes"]
[Black "Meijers, Viesturs"]
[Result "1/2-1/2"]
[WhiteElo "2355"]
[BlackElo "2470"]
[PlyCount "113"]
[EventDate "2013.??.??"]
[WhiteTeam "Sfr.Heidesheim"]
[BlackTeam "ESV Nickelhütte Aue"]

1. d4 Nf6 2. c4 e6 3. Nc3 Bb4 4. Qc2 c5 5. dxc5 Bxc5 6. Bf4 O-O 7. Nf3 b6 8. a3
Bb7 9. Rd1 a6 10. e3 Be7 11. Be2 d6 12. e4 Qc7 13. e5 dxe5 14. Bxe5 Qc8 15. Ng5
g6 16. Nge4 Ne8 17. O-O Nd7 18. Bd6 Bxe4 19. Nxe4 Nxd6 20. Nxd6 Qc7 21. Ne4 a5
22. Rd2 Rfd8 23. Rfd1 Nc5 24. Rxd8+ Rxd8 25. Rxd8+ Qxd8 26. Nxc5 Bxc5 27. Bf3
Qf6 28. Qe2 h5 29. Qd2 h4 30. h3 Qf5 31. b4 axb4 32. axb4 Qb1+ 33. Kh2 Be7 34.
c5 bxc5 35. bxc5 Qb8+ 36. Kg1 Bxc5 37. Qa2 Qe5 38. Qe2 Qd4 39. Qe1 Kg7 40. Bd1
f5 41. Bc2 Kf6 42. Qe2 Qf4 43. Bb3 e5 44. Qf3 Qd4 45. Qe2 g5 46. Bc2 g4 47.
hxg4 fxg4 48. Kf1 Kg5 49. Qe3+ Qxe3 50. fxe3 Bxe3 51. Ba4 Kf4 52. Bd7 Bb6 53.
Bc8 Kg3 54. Bd7 h3 55. gxh3 gxh3 56. Bc6 Kf4 57. Bd7 1/2-1/2

[Event "25.Schlosspark-Open"]
[Site "Wiesbaden-Biebrich"]
[Date "2013.08.25"]
[Round "7.3"]
[White "Karabalis, Harilos"]
[Black "Schmittdiel, Eckhard"]
[Result "1-0"]
[WhiteElo "2275"]
[BlackElo "2435"]
[PlyCount "117"]
[EventDate "2013.??.??"]
[WhiteTeam "SC Brett vor'm Kopp Ffm"]
[BlackTeam "SC Hansa Dortmund e.V."]

1. e4 c5 2. Nf3 Nc6 3. d4 cxd4 4. Nxd4 e5 5. Nb5 d6 6. N1c3 a6 7. Na3 b5 8. Nd5
Nce7 9. c4 Nxd5 10. exd5 bxc4 11. Bxc4 Nf6 12. O-O Be7 13. Qe2 O-O 14. Nc2 Bb7
15. Rd1 a5 16. a4 Nd7 17. b3 Bg5 18. Ba3 Nb6 19. Ne3 f5 20. f3 Rc8 21. Bb5 Rf7
22. Nc4 Nxc4 23. bxc4 Qb6+ 24. Kh1 Rd8 25. Rab1 Qe3 26. Qa2 Qf4 27. Bc6 Ba6 28.
Bc1 Qh4 29. Bxg5 Qxg5 30. Rb6 Bc8 31. Qd2 Qxd2 32. Rxd2 Kf8 33. Kg1 Ra7 34. Kf2
f4 35. Rdb2 Ke7 36. Ke2 g5 37. Kd3 h5 38. c5 Bf5+ 39. Kc4 g4 40. cxd6+ Rxd6 41.
Kc5 Rc7 42. Re2 e4 43. fxe4 f3 44. gxf3 gxf3 45. Re3 Bg4 46. e5 Rcxc6+ 47. dxc6
Rd2 48. Rb1 Rxh2 49. e6 Rc2+ 50. Kd5 Rd2+ 51. Ke5 f2 52. Rb7+ Ke8 53. Rf7 Rc2
54. Kd6 Rd2+ 55. Kc7 h4 56. e7 Kxf7 57. e8=Q+ Kf6 58. Qf8+ Kg6 59. Re7 1-0

[Event "25.Schlosspark-Open"]
[Site "Wiesbaden-Biebrich"]
[Date "2013.08.25"]
[Round "7.4"]
[White "Boidman, Yuri"]
[Black "Commercon, Simon"]
[Result "1-0"]
[WhiteElo "2403"]
[BlackElo "2183"]
[PlyCount "47"]
[EventDate "2013.??.??"]
[WhiteTeam "SC Heimbach-Weis/Neuwied"]
[BlackTeam "TSG Mutterstadt"]

1. e4 e6 2. Nf3 d5 3. Nc3 Bb4 4. e5 f6 5. a3 Bxc3 6. dxc3 Nc6 7. Bf4 Nge7 8.
Bd3 O-O 9. Qd2 Bd7 10. O-O-O Be8 11. exf6 Rxf6 12. Rhe1 h6 13. Bg3 Bh5 14. Bh4
Bxf3 15. gxf3 g5 16. Bg3 Ng6 17. c4 Nce7 18. cxd5 exd5 19. Qc3 Rxf3 20. Bxc7
Qd7 21. Bg3 Rc8 22. Qd4 Nc6 23. Qa4 Nf4 24. Be4 1-0

[Event "25.Schlosspark-Open"]
[Site "Wiesbaden-Biebrich"]
[Date "2013.08.25"]
[Round "7.5"]
[White "Baskin, Robert"]
[Black "Gara, Anita"]
[Result "0-1"]
[WhiteElo "2145"]
[BlackElo "2299"]
[PlyCount "86"]
[EventDate "2013.??.??"]
[WhiteTeam "SAbt TuS Makkabi Ffm"]
[BlackTeam "SV Großhansdorf"]

1. e4 d6 2. d4 Nf6 3. Nc3 e5 4. Nf3 Nbd7 5. Bc4 Be7 6. O-O Nb6 7. Be2 exd4 8.
Nxd4 O-O 9. Bf4 c6 10. Qd2 d5 11. exd5 Nfxd5 12. Nxd5 Nxd5 13. Bg3 Bg5 14. f4
Bf6 15. c4 Ne3 16. Rad1 Nxd1 17. Rxd1 Bxd4+ 18. Qxd4 Qxd4+ 19. Rxd4 Bf5 20. Bf2
Rfd8 21. Rxd8+ Rxd8 22. Be3 f6 23. Kf2 Kf7 24. Kf3 Re8 25. Kf2 Be4 26. g3 Rd8
27. a3 a6 28. c5 Bd3 29. Bd1 Bc4 30. Bc2 g6 31. g4 h5 32. f5 Bd3 33. Bb3+ Kg7
34. gxh5 Bxf5 35. h6+ Kh7 36. h4 Rd3 37. Bc4 Rd1 38. Bf1 a5 39. Bg2 Be6 40. h5
g5 41. Bf3 Rd7 42. b4 axb4 43. axb4 Kxh6 0-1

[Event "25.Schlosspark-Open"]
[Site "Wiesbaden-Biebrich"]
[Date "2013.08.25"]
[Round "7.6"]
[White "Sarközy, Benjamin"]
[Black "Müller, Ralf"]
[Result "0-1"]
[WhiteElo "2115"]
[BlackElo "2395"]
[PlyCount "67"]
[EventDate "2013.??.??"]
[WhiteTeam "SV Oberursel"]
[BlackTeam "SG Stern Stuttgart"]

1. e4 e5 2. Bc4 Nc6 3. Nf3 Nf6 4. d3 Be7 5. Bb3 d6 6. c3 O-O 7. Nbd2 a5 8. O-O
b5 9. a4 b4 10. Re1 Rb8 11. d4 bxc3 12. bxc3 exd4 13. cxd4 Nb4 14. Ba3 c6 15.
Re3 h6 16. Rc1 Bd7 17. h3 Nh5 18. Nc4 Nf4 19. Kh2 Re8 20. Ng1 Bf8 21. g3 Ng6
22. f4 d5 23. Ne5 Nxe5 24. dxe5 dxe4 25. Rxe4 Bf5 26. Rd4 Qb6 27. g4 Rbd8 28.
Nf3 Be4 29. e6 fxe6 30. Bxb4 Bxf3 31. Bc5 Bxd1 32. Bxe6+ Rxe6 33. Bxb6 Rxd4 34.
Bxd4 0-1

[Event "25.Schlosspark-Open"]
[Site "Wiesbaden-Biebrich"]
[Date "2013.08.25"]
[Round "7.7"]
[White "Junesch, Gerhard"]
[Black "Nagel, Bernhard"]
[Result "1-0"]
[WhiteElo "2323"]
[BlackElo "2230"]
[PlyCount "87"]
[EventDate "2013.??.??"]
[WhiteTeam "SC Erdmannhausen"]
[BlackTeam "Wiesbadener SV 1885"]

1. Nf3 c5 2. c4 Nc6 3. d4 cxd4 4. Nxd4 Qb6 5. Nb3 e6 6. g3 Nf6 7. Bg2 Bb4+ 8.
N1d2 Ne5 9. a3 Be7 10. Qc2 d6 11. Nf3 Nxf3+ 12. Bxf3 Bd7 13. Be3 Qc7 14. Qd3
Bc6 15. O-O e5 16. Bd5 O-O 17. Rac1 Qd7 18. Na5 Bxd5 19. cxd5 Bd8 20. Nc4 Be7
21. Rc3 Ng4 22. f4 Nxe3 23. Qxe3 b5 24. Nd2 exf4 25. Qxf4 Bf6 26. Rc2 Be5 27.
Qe4 Rae8 28. Qd3 Qg4 29. Kg2 h5 30. Nf3 Bf6 31. Qxb5 Re3 32. Qb4 Qxb4 33. axb4
Rb8 34. Ra1 Rxb4 35. Rxa7 Rxb2 36. Rxb2 Bxb2 37. Ra8+ Kh7 38. Kf2 Rb3 39. h4
Rb5 40. e4 f6 41. Ra6 Rb4 42. Rxd6 Rxe4 43. Rb6 Kg6 44. Rxb2 1-0

[Event "25.Schlosspark-Open"]
[Site "Wiesbaden-Biebrich"]
[Date "2013.08.25"]
[Round "7.8"]
[White "Kayser, Felix"]
[Black "Stockmann, Michael"]
[Result "0-1"]
[WhiteElo "2179"]
[BlackElo "2273"]
[PlyCount "74"]
[EventDate "2013.??.??"]
[WhiteTeam "Wiesbadener SV 1885"]
[BlackTeam "Sfr. Schöneck"]

1. e4 c5 2. Nc3 Nc6 3. f4 g6 4. Nf3 Bg7 5. Bb5 Nd4 6. O-O Nxb5 7. Nxb5 a6 8.
Nc3 d6 9. d3 e6 10. Bd2 Ne7 11. Rb1 O-O 12. Qe1 b5 13. f5 b4 14. Ne2 exf5 15.
Qh4 fxe4 16. dxe4 Nc6 17. Bg5 f6 18. Be3 Qe7 19. Ng3 Be6 20. Rbe1 a5 21. b3 a4
22. Bh6 Ne5 23. Nxe5 dxe5 24. Rf3 c4 25. Bxg7 Kxg7 26. Ref1 axb3 27. axb3 cxb3
28. cxb3 h6 29. Nf5+ gxf5 30. Rg3+ Kh8 31. Rg6 Bg8 32. Rxh6+ Bh7 33. h3 f4 34.
Rd1 Qg7 35. Kh1 Ra2 36. g4 fxg3 37. Rg1 Rh2# 0-1

[Event "25.Schlosspark-Open"]
[Site "Wiesbaden-Biebrich"]
[Date "2013.08.25"]
[Round "7.9"]
[White "Berberich, Christoph"]
[Black "Wenninger, Philipp"]
[Result "0-1"]
[WhiteElo "2078"]
[BlackElo "2229"]
[PlyCount "212"]
[EventDate "2013.??.??"]
[WhiteTeam "SK Freiburg Zähringen 1887 e.V."]
[BlackTeam "Heilbronner SV"]

1. d4 d5 2. Nf3 Nf6 3. c4 c6 4. e3 Bg4 5. Qb3 Qb6 6. Nc3 e6 7. Ne5 Bf5 8. Bd2
Nbd7 9. Qxb6 axb6 10. Nxd7 Nxd7 11. f3 Nf6 12. g4 Bg6 13. g5 Nd7 14. e4 e5 15.
exd5 exd4 16. Ne2 d3 17. Nf4 Ne5 18. Nxg6 hxg6 19. f4 Nxc4 20. dxc6 bxc6 21.
Bxd3 Nxd2 22. Kxd2 O-O-O 23. Kc2 Rd4 24. f5 Rdh4 25. Raf1 Rxh2+ 26. Rxh2 Rxh2+
27. Kb1 gxf5 28. Rxf5 Bc5 29. Rxf7 Bd4 30. Bf5+ Kb8 31. b3 Rb2+ 32. Kc1 Rxa2
33. Be4 Ra5 34. g6 Re5 35. Bd3 Rc5+ 36. Kd2 Rc3 37. Rd7 c5 38. b4 Rb3 39. bxc5
bxc5 40. Bc4 Rg3 41. Bf7 Re3 42. Bc4 Kc8 43. Rf7 Rg3 44. Bd3 Rg2+ 45. Kd1 Kd8
46. Rb7 c4 47. Bxc4 Rxg6 48. Ke2 Be5 49. Rf7 Bd6 50. Kf2 Be7 51. Bd3 Rg5 52.
Rf5 Rg4 53. Be2 Rb4 54. Rf7 g5 55. Rf5 Kd7 56. Rb5 Rd4 57. Bf3 Ke6 58. Kg3 Bd6+
59. Kh3 Kf6 60. Rd5 Rh4+ 61. Kg2 Be5 62. Ra5 Kf5 63. Bc6 Rg4+ 64. Kf3 Rg3+ 65.
Kf2 Rd3 66. Rd5 Rc3 67. Bd7+ Kf4 68. Rd2 g4 69. Ra2 Bd4+ 70. Kg2 Rc1 71. Bxg4
Rg1+ 72. Kh3 Rg3+ 73. Kh2 Rxg4 74. Ra8 Rg6 75. Rf8+ Bf6 76. Ra8 Be5 77. Rf8+
Ke3+ 78. Kh3 Bf4 79. Ra8 Kf3 80. Ra3+ Be3 81. Ra4 Rb6 82. Rc4 Rb1 83. Rc2 Rh1+
84. Rh2 Rg1 85. Ra2 Rg3+ 86. Kh4 Rg6 87. Ra5 Rh6+ 88. Rh5 Ra6 89. Rf5+ Bf4 90.
Rb5 Ke4 91. Kg4 Rg6+ 92. Kh4 Be5 93. Rb4+ Kf5 94. Kh3 Rg3+ 95. Kh4 Rg2 96. Rb3
Ra2 97. Rd3 Ra4+ 98. Kh3 Ra2 99. Kh4 Kf4 100. Kh5 Rg2 101. Rb3 Rg8 102. Rb4+
Kf5 103. Rb6 Ra8 104. Rc6 Bd4 105. Kh4 Ra3 106. Rc2 Bf6+ 0-1

[Event "25.Schlosspark-Open"]
[Site "Wiesbaden-Biebrich"]
[Date "2013.08.25"]
[Round "7.10"]
[White "Hahn, Markus"]
[Black "Boos, Markus"]
[Result "1/2-1/2"]
[WhiteElo "2239"]
[BlackElo "2153"]
[PlyCount "192"]
[EventDate "2013.??.??"]
[WhiteTeam "Kasseler SK 1876"]
[BlackTeam "SF Vonkeln 1931"]

1. c4 Nf6 2. Nc3 e5 3. g3 Bb4 4. Bg2 O-O 5. Na4 c6 6. a3 Ba5 7. b4 Bc7 8. d4 d5
9. dxe5 Bxe5 10. Bb2 Bxb2 11. Nxb2 Be6 12. cxd5 Bxd5 13. Nf3 a5 14. Nd3 Na6 15.
O-O axb4 16. axb4 Qe7 17. Rb1 Nc7 18. e3 Nb5 19. Qc1 Be4 20. Nfe5 Bxg2 21. Kxg2
Nd5 22. Qc5 Qe6 23. Ra1 f6 24. Nf3 Qe4 25. Nf4 Qxb4 26. Qxb4 Nxb4 27. Rxa8 Rxa8
28. Rd1 Rc8 29. Nd4 Nxd4 30. Rxd4 Na6 31. Kf3 Rc7 32. Ne6 Re7 33. Rd8+ Kf7 34.
Nd4 g6 35. h4 Nc5 36. Rb8 Re8 37. Rxe8 Kxe8 38. e4 Ke7 39. Ke3 Kd6 40. f4 Nd7
41. g4 c5 42. Nb5+ Kc6 43. Na7+ Kc7 44. Kd3 Kb6 45. Nc8+ Kc7 46. Na7 Kb6 47.
Nc8+ Ka5 48. g5 Kb4 49. Nd6 b5 50. f5 c4+ 51. Ke3 Kc5 52. Nb7+ Kc6 53. Nd8+ Kd6
54. Kd4 gxf5 55. exf5 Ne5 56. gxf6 Nd7 57. Nf7+ Kc7 58. Ng5 Nxf6 59. Kc5 Kd7
60. Kxb5 c3 61. Nf3 Kd6 62. Ne1 Ke5 63. Kc4 Ne4 64. Kd3 Kxf5 65. h5 h6 66. Nc2
Kf4 67. Nd4 Ng3 68. Kxc3 Nxh5 69. Kd3 Ng3 70. Ne6+ Kg4 71. Ng7 Kg5 72. Ke3 Kg6
73. Kf3 Nf1 74. Ke2 Nh2 75. Ne6 Kf6 76. Nf4 Kf5 77. Nh5 Kg5 78. Ng7 Ng4 79. Kf3
Ne5+ 80. Kg3 Ng6 81. Ne6+ Kf5 82. Ng7+ Kf6 83. Nh5+ Kg5 84. Ng7 Nf8 85. Ne8 h5
86. Nd6 Ng6 87. Ne4+ Kf5 88. Nf2 h4+ 89. Kh3 Kf4 90. Nd3+ Kg5 91. Kg2 Kg4 92.
Kh2 Kf3 93. Kh3 Ke4 94. Nf2+ Kf3 95. Nd3 Ke3 96. Ne5 Nxe5 1/2-1/2

[Event "25.Schlosspark-Open"]
[Site "Wiesbaden-Biebrich"]
[Date "2013.08.25"]
[Round "7.11"]
[White "Sergin, Mark"]
[Black "Minor, Samuel"]
[Result "1-0"]
[WhiteElo "2160"]
[BlackElo "2230"]
[PlyCount "49"]
[EventDate "2013.??.??"]
[WhiteTeam "Kasseler SK 1876"]
[BlackTeam "Wiesbadener SV 1885"]

1. e4 e6 2. d4 d5 3. Nd2 dxe4 4. Nxe4 Bd7 5. Nf3 Bc6 6. Neg5 Nd7 7. Bc4 Qf6 8.
d5 exd5 9. Bxd5 Bxd5 10. Qxd5 Bb4+ 11. c3 Bxc3+ 12. bxc3 Qxc3+ 13. Kf1 O-O-O
14. Qd4 Qc6 15. Nxf7 Ngf6 16. Nxd8 Rxd8 17. Be3 Nb6 18. Qc5 Qe4 19. h3 Rd5 20.
Qf8+ Rd8 21. Qxg7 Nbd5 22. Bg5 Qd3+ 23. Kg1 Rg8 24. Qf7 Qc3 25. Rd1 1-0

[Event "25.Schlosspark-Open"]
[Site "Wiesbaden-Biebrich"]
[Date "2013.08.25"]
[Round "7.12"]
[White "Mensch, Etienne"]
[Black "Carow, Annelen"]
[Result "1/2-1/2"]
[WhiteElo "2345"]
[BlackElo "1997"]
[PlyCount "146"]
[EventDate "2013.??.??"]
[WhiteTeam "SK Freiburg-Wiehre 2000 e.V."]
[BlackTeam "Sfr.Heidesheim"]

1. d4 Nf6 2. c4 c5 3. d5 b5 4. cxb5 a6 5. Nc3 axb5 6. e4 b4 7. Nb5 d6 8. Bc4 e5
9. dxe6 Bxe6 10. Bxe6 fxe6 11. Bg5 Ra5 12. Bxf6 gxf6 13. Qh5+ Kd7 14. a4 bxa3
15. Nxa3 Nc6 16. Nf3 Be7 17. O-O Qe8 18. Qh3 Qf7 19. Rad1 Ra4 20. Nd2 Rb4 21.
Nc2 Rb7 22. Nc4 Kc7 23. Qc3 Ra8 24. Ra1 Qg8 25. Na5 Nxa5 26. Rxa5 Kd7 27. Rd1
Rxa5 28. Qxa5 Qc8 29. Ne3 Qc7 30. Qc3 Qb6 31. e5 Qxb2 32. Qxc5 Qxe5 33. Qc2 h5
34. Rc1 Qc5 35. Qd1 Qb5 36. h4 Rb8 37. Qc2 Qc5 38. Qa4+ Qb5 39. Qe4 d5 40. Rd1
Qe2 41. Qa4+ Qb5 42. Qf4 Rb7 43. Qf3 Qb3 44. Qxh5 Qa2 45. Qf3 Rb1 46. h5 Rxd1+
47. Qxd1 f5 48. h6 Bf6 49. Qd3 Qa1+ 50. Nf1 Ke7 51. h7 Kf7 52. Qe2 Bg7 53. Qh5+
Ke7 54. g3 Qf6 55. Ne3 Bh8 56. Ng2 Kf8 57. Nf4 Kg7 58. Qe8 Kxh7 59. Nxe6 Bg7
60. Nf4 Qe5 61. Qd7 d4 62. Ne6 Kg6 63. Nf4+ Kh7 64. Kh2 Kh6 65. Qf7 Kh7 66. Nh5
d3 67. Qd7 Qd4 68. Qxf5+ Kg8 69. Qe6+ Kh8 70. Qc8+ Kh7 71. Qf5+ Kh8 72. Qc8+
Kh7 73. Qf5+ Kh8 1/2-1/2

[Event "25.Schlosspark-Open"]
[Site "Wiesbaden-Biebrich"]
[Date "2013.08.25"]
[Round "7.13"]
[White "Seickel, Ralf"]
[Black "Puschendorf, Steffen"]
[Result "1-0"]
[WhiteElo "2037"]
[BlackElo "2220"]
[PlyCount "41"]
[EventDate "2013.??.??"]
[WhiteTeam "SV 1926 Neu-Isenburg"]
[BlackTeam "ESV Gera"]

1. e4 e6 2. d4 d5 3. Nc3 Bb4 4. e5 c5 5. a3 Bxc3+ 6. bxc3 Ne7 7. h4 Qa5 8. Bd2
Nbc6 9. h5 h6 10. Qg4 Bd7 11. Qxg7 O-O-O 12. Qf6 Qa4 13. Nf3 Qxc2 14. Rh4 Nf5
15. Rf4 cxd4 16. Rc1 Qb2 17. g4 dxc3 18. Rxc3 Nfe7 19. Qxe7 Qb1+ 20. Bc1 Qa1
21. Qb4 1-0

[Event "25.Schlosspark-Open"]
[Site "Wiesbaden-Biebrich"]
[Date "2013.08.25"]
[Round "7.14"]
[White "Bingert, Tim Niklas"]
[Black "Sobolevsky, Leonid"]
[Result "1/2-1/2"]
[WhiteElo "2026"]
[BlackElo "2182"]
[PlyCount "107"]
[EventDate "2013.??.??"]
[WhiteTeam "SK Langen"]
[BlackTeam "Schachzirkel Elstertal Langenber"]

1. e4 c5 2. Nf3 Nc6 3. d4 cxd4 4. Nxd4 e5 5. Nb5 d6 6. N1c3 a6 7. Na3 f5 8.
exf5 Bxf5 9. Nc4 Nf6 10. Bg5 Nd4 11. Ne3 Be6 12. Bc4 Bxc4 13. Nxc4 Be7 14. Bxf6
Bxf6 15. O-O O-O 16. Nd5 Rc8 17. Nce3 Bg5 18. c3 Ne6 19. Qg4 Qe8 20. Rad1 h5
21. Qe4 Nc5 22. Qc4 Kh8 23. Qe2 b5 24. g3 Ne6 25. Qd3 h4 26. Qe4 Bf4 27. gxf4
exf4 28. Rfe1 Qf7 29. Qf5 fxe3 30. Qxf7 Rxf7 31. Rxe3 Ng5 32. Kg2 Rc5 33. f4
Nh7 34. Re8+ Nf8 35. Kh3 Kh7 36. Kxh4 Rf5 37. Kg3 g5 38. Kg4 Rcxd5 39. Rxd5
Rxd5 40. Rxf8 gxf4 41. Rf7+ Kg6 42. Ra7 Rd2 43. Rxa6 Rxh2 44. Rxd6+ Kf7 45. b4
Rxa2 46. Kxf4 Ke7 47. Rd3 Ke6 48. Ke3 Rc2 49. Kd4 Kd6 50. Rd1 Kc6 51. Rh1 Rd2+
52. Ke4 Rd6 53. Rh5 Kb6 54. Rd5 1/2-1/2

[Event "25.Schlosspark-Open"]
[Site "Wiesbaden-Biebrich"]
[Date "2013.08.25"]
[Round "7.15"]
[White "Muuss, Klaus"]
[Black "Bauer, Claus"]
[Result "0-1"]
[WhiteElo "2009"]
[BlackElo "2172"]
[PlyCount "62"]
[EventDate "2013.??.??"]
[WhiteTeam "VSF Flintbek"]
[BlackTeam "Sfr.Mainz 1928"]

1. e4 d6 2. d4 Nf6 3. Nc3 e5 4. Nf3 Nbd7 5. Bc4 Be7 6. dxe5 dxe5 7. O-O O-O 8.
Qe2 c6 9. Be3 b5 10. Bd3 Qc7 11. a3 a5 12. Nd1 Rb8 13. Bg5 Nc5 14. c3 Be6 15.
Bxf6 Bxf6 16. Ne3 g6 17. Bc2 Rfd8 18. Rad1 Rxd1 19. Rxd1 Be7 20. h3 f6 21. Ne1
Qa7 22. Kh2 b4 23. axb4 axb4 24. Nd3 bxc3 25. bxc3 Nxe4 26. Qf3 f5 27. g3 Qc7
28. c4 Nc3 29. c5 Nxd1 30. Bxd1 Bg5 31. h4 e4 0-1

[Event "25.Schlosspark-Open"]
[Site "Wiesbaden-Biebrich"]
[Date "2013.08.25"]
[Round "7.16"]
[White "Ruppert, Wolfgang"]
[Black "Reinert, Stephane"]
[Result "0-1"]
[WhiteElo "2167"]
[BlackElo "2050"]
[PlyCount "44"]
[EventDate "2013.??.??"]
[WhiteTeam "SC Flörsheim 1921"]
[BlackTeam "SC Bad Nauheim"]

1. e4 d5 2. exd5 Qxd5 3. Nc3 Qd6 4. d4 Nf6 5. Nf3 a6 6. Ne5 Nc6 7. Nxc6 Qxc6 8.
d5 Qd6 9. Be2 Bf5 10. Be3 e5 11. dxe6 Qxe6 12. Bf3 Bc5 13. Nd5 O-O-O 14. c4
Bxe3 15. fxe3 Nxd5 16. cxd5 Qxe3+ 17. Qe2 Qc5 18. Qd2 Rhe8+ 19. Kf1 Re3 20. Rc1
Bd3+ 21. Kf2 Re2+ 22. Kg3 Qf2+ 0-1

[Event "25.Schlosspark-Open"]
[Site "Wiesbaden-Biebrich"]
[Date "2013.08.25"]
[Round "7.17"]
[White "Supplieth, Peter"]
[Black "Serbu, Eli"]
[Result "1/2-1/2"]
[WhiteElo "2000"]
[BlackElo "2164"]
[PlyCount "34"]
[EventDate "2013.??.??"]
[WhiteTeam "SC Kevelaer 1948 e.V."]
[BlackTeam "Wiesbadener SV 1885"]

1. e4 c5 2. c3 d5 3. exd5 Qxd5 4. d4 Nf6 5. Nf3 Bg4 6. Be2 e6 7. O-O Be7 8. Be3
cxd4 9. cxd4 O-O 10. h3 Bh5 11. Nc3 Qd8 12. Qb3 Nc6 13. Qxb7 Nb4 14. Rac1 Rb8
15. Qxa7 Ra8 16. Qb7 Rb8 17. Qa7 Ra8 1/2-1/2

[Event "25.Schlosspark-Open"]
[Site "Wiesbaden-Biebrich"]
[Date "2013.08.25"]
[Round "7.18"]
[White "Koch, Markus"]
[Black "Giese, Tilman"]
[Result "1-0"]
[WhiteElo "2140"]
[BlackElo "2045"]
[PlyCount "52"]
[EventDate "2013.??.??"]
[WhiteTeam "SC Brett vor'm Kopp Ffm"]
[BlackTeam "SC Turm Illingen"]

1. d4 f5 2. Bg5 d6 3. e4 fxe4 4. Nc3 d5 5. f3 exf3 6. Nxf3 Bg4 7. Bd3 Nc6 8. h3
Bh5 9. g4 Bf7 10. Bb5 Qd6 11. Ne5 Qe6 12. Qf3 Nf6 13. O-O-O a6 14. Bxc6+ bxc6
15. Rhe1 Nd7 16. Na4 Nxe5 17. Rxe5 Qg6 18. h4 h5 19. Rde1 e6 20. gxh5 Rxh5 21.
Qb3 Kd7 22. Qb7 Re8 23. Nb6+ Kd6 24. Bf4 Ke7 25. Qxc7+ Kf6 26. Bg5+ Rxg5 1-0

[Event "25.Schlosspark-Open"]
[Site "Wiesbaden-Biebrich"]
[Date "2013.08.25"]
[Round "7.19"]
[White "Werner, Dimo"]
[Black "Scharrer, Udo"]
[Result "1/2-1/2"]
[WhiteElo "2139"]
[BlackElo "2036"]
[PlyCount "35"]
[EventDate "2013.??.??"]
[WhiteTeam "Vorw.Orient Mainz"]
[BlackTeam "SG Stern Stuttgart"]

1. d4 Nf6 2. c4 g6 3. Nc3 Bg7 4. g3 O-O 5. Bg2 d6 6. Nf3 Nc6 7. O-O a6 8. b3
Rb8 9. Bb2 b5 10. cxb5 axb5 11. d5 Nb4 12. Nd4 Bd7 13. a3 Na6 14. b4 e5 15. Nb3
Rb6 16. Na5 Nb8 17. Rc1 Qe7 18. e3 1/2-1/2

[Event "25.Schlosspark-Open"]
[Site "Wiesbaden-Biebrich"]
[Date "2013.08.25"]
[Round "7.20"]
[White "Kreiling, Carsten"]
[Black "Rutsatz, Mario"]
[Result "1/2-1/2"]
[WhiteElo "2111"]
[BlackElo "1918"]
[PlyCount "39"]
[EventDate "2013.??.??"]
[WhiteTeam "SVG Eppstein 1932"]
[BlackTeam "Sfr. Frankfurt 1921"]

1. d4 Nf6 2. c4 g6 3. Nc3 d5 4. cxd5 Nxd5 5. e4 Nxc3 6. bxc3 c5 7. Nf3 Bg7 8.
Rb1 O-O 9. Be2 b6 10. O-O Bb7 11. Qd3 cxd4 12. cxd4 Nc6 13. d5 Ne5 14. Nxe5
Bxe5 15. f4 Bg7 16. Ba3 Qd7 17. Bf3 Rfd8 18. Rfd1 Rac8 19. e5 Bf8 20. Qd4
1/2-1/2

[Event "25.Schlosspark-Open"]
[Site "Wiesbaden-Biebrich"]
[Date "2013.08.25"]
[Round "7.21"]
[White "Schmid, Eugen"]
[Black "Hahn, Florian"]
[Result "1/2-1/2"]
[WhiteElo "1959"]
[BlackElo "2078"]
[PlyCount "44"]
[EventDate "2013.??.??"]
[WhiteTeam "SV Herrenberg e.V."]
[BlackTeam "SK Gründau"]

1. d4 Nf6 2. Nf3 e6 3. c4 b6 4. g3 Bb7 5. Bg2 Be7 6. O-O O-O 7. Nc3 Ne4 8. Bd2
c5 9. d5 Nxc3 10. Bxc3 exd5 11. Ne5 d6 12. Bxd5 Qc7 13. Bxb7 Qxb7 14. Ng4 Na6
15. Ne3 Rfd8 16. Qd5 Qxd5 17. Nxd5 Rd7 18. Rfd1 Rad8 19. Rd2 Bf8 20. Rad1 Nc7
21. Nxc7 Rxc7 22. Rd5 f6 1/2-1/2

[Event "25.Schlosspark-Open"]
[Site "Wiesbaden-Biebrich"]
[Date "2013.08.25"]
[Round "7.22"]
[White "Keymer, Vincent"]
[Black "Kolker, Vladislav"]
[Result "1/2-1/2"]
[WhiteElo "1861"]
[BlackElo "2054"]
[PlyCount "96"]
[EventDate "2013.??.??"]
[WhiteTeam "SK Gau-Algesheim"]
[BlackTeam "SC Bad Nauheim"]

1. d4 Nf6 2. c4 g6 3. Nc3 Bg7 4. e4 d6 5. f3 O-O 6. Be3 Nc6 7. Bd3 a6 8. Nge2
Nd7 9. Bc2 e5 10. d5 Nd4 11. O-O c5 12. dxc6 bxc6 13. Nxd4 exd4 14. Bxd4 Ne5
15. c5 Be6 16. f4 Bg4 17. Ne2 Bxe2 18. Qxe2 Nf3+ 19. Qxf3 Bxd4+ 20. Kh1 dxc5
21. Rad1 Rb8 22. b3 Qa5 23. a4 Qc3 24. Qxc3 Bxc3 25. Rd6 Rfd8 26. Rfd1 Rxd6 27.
Rxd6 c4 28. bxc4 Rb2 29. Bd1 Rd2 30. Rxd2 Bxd2 31. g3 Kf8 32. Kg2 Ke7 33. e5 f6
34. exf6+ Kxf6 35. Kf3 a5 36. Ke4 Bb4 37. Bg4 c5 38. Bd7 h6 39. g4 g5 40. f5
Ba3 41. h3 Bb4 42. Kd5 Ba3 43. Kd6 Bb4 44. Bc6 Ba3 45. Bd5 Bb4 46. Kd7 h5 47.
Ke8 hxg4 48. hxg4 Ba3 1/2-1/2

[Event "25.Schlosspark-Open"]
[Site "Wiesbaden-Biebrich"]
[Date "2013.08.25"]
[Round "7.23"]
[White "Pioch, Thomas"]
[Black "Zeyer, Oliver"]
[Result "1-0"]
[WhiteElo "2172"]
[BlackElo "2001"]
[PlyCount "77"]
[EventDate "2013.??.??"]
[WhiteTeam "Sfr.Mainz 1928"]
[BlackTeam "SF HN-Biberach 1978 e.V."]

1. e3 g6 2. d4 Bg7 3. Nf3 d6 4. Be2 Nd7 5. c4 e5 6. Nc3 Ne7 7. b3 O-O 8. Bb2 h6
9. Qd2 c6 10. Rd1 f5 11. dxe5 dxe5 12. O-O Qe8 13. Na4 e4 14. Ne1 Ne5 15. f4
exf3 16. Nxf3 Nxf3+ 17. Bxf3 Qf7 18. Bxg7 Kxg7 19. Qc3+ Kh7 20. Rd6 Ng8 21.
Rfd1 Nf6 22. Qe5 Ne4 23. Rd8 Be6 24. Rxa8 Rxa8 25. Bxe4 fxe4 26. Rf1 Bf5 27. g4
Qe6 28. Qc7+ Kh8 29. gxf5 gxf5 30. Kh1 Rg8 31. Rg1 Rxg1+ 32. Kxg1 Qg6+ 33. Qg3
Qh5 34. Nc3 Qf7 35. Qe5+ Kh7 36. Kf2 Qd7 37. Ne2 Qf7 38. Nf4 Qd7 39. Qe6 1-0

[Event "25.Schlosspark-Open"]
[Site "Wiesbaden-Biebrich"]
[Date "2013.08.25"]
[Round "7.25"]
[White "Cichy, Michael"]
[Black "Stimpel, Franz"]
[Result "1/2-1/2"]
[WhiteElo "1992"]
[BlackElo "2175"]
[PlyCount "50"]
[EventDate "2013.??.??"]
[WhiteTeam "SC Braunschweig Gliesmarode v. 1"]
[BlackTeam "Wiesbadener SV 1885"]

1. d4 Nf6 2. Nf3 d6 3. c4 Nbd7 4. Nc3 g6 5. e4 e5 6. Be2 Bg7 7. O-O O-O 8. Be3
Ng4 9. Bg5 f6 10. Bh4 Nh6 11. h3 c6 12. dxe5 dxe5 13. b4 Qe7 14. Qb3 Kh8 15.
Rad1 Re8 16. Nd2 Nf8 17. c5 Ne6 18. Bc4 Nd4 19. Qb2 Be6 20. Ne2 Red8 21. f3 Nf7
22. Bf2 Nxe2+ 23. Bxe2 Rd7 24. Nc4 Rad8 25. Qc2 Bh6 1/2-1/2